000 00682nam a2200157 4500
999 _c16370
_d16370
008 220119b ||||| |||| 00| 0 eng d
022 _a0893-8989
082 _aDPer 363.205 P75 Sept 2013-May 2016 v. 37 & 40, n. 9-11/1-5
100 _aParker, Robert.
_943826
245 _aHeckler & koch HK45 compact tactical:
_bchosen by the navy seals as a concealable combat handgun, this compact HK is versatile, powerful, and reliable/
_cRobert Parker.
260 _aCalifornia:
_bBobit Business Media,
_c©Sept 2013-May 2016.
300 _av37 n10, pages 22-28;
_billustrations;
_c27 cm.
500 _aPolice: the law enforcement magazine.
650 _aFirearms.
_943827
942 _2ddc
_cPER